| 000 | 00556nam a2200145 a 4500 | ||
|---|---|---|---|
| 008 | 121116s1972 ||||||||||||||||| || u | ||
| 020 | _a0715354442 | ||
| 050 | _aJX 151 Hur | ||
| 100 | _aHurst, Michael | ||
| 245 | 1 | 0 |
_aKey Treaties for the Great Powers 1814-1914: volume 1, 1814-1870 _cedited by Michael Hurst |
| 260 |
_aNewton: _bDavid and Charles _c1972 |
||
| 300 | _axviii, 458p. | ||
| 650 | _aTREATIES | ||
| 995 |
_aSPECIAL COLLECTIONS _e500319 _FCBU-DAG HAMMARSKJOLD INSTITUTE LIBRARY _jDAG JX 151 Hur _M1 _UAVAILABLE _WDec 7, 2012 _y500319 _ZDHIPS Book Collection |
||
| 999 |
_c336 _d336 |
||